01255nam a2200313 i 450000100060000000300090000600500170001500700030003200800410003501700170007602000260009302400170011904000130013608000340014910000490018324501090023226000400034130000450038150001050042660000440053165500480057570000430062370000470066671000380071385200390075194200120079099900170080295201220081912070ES-MaACL20250822062525.0t|970303s1996 sp a |||| |dspa d aM 10297-1996 a8487317480qRústica a304-96-003-1 cES-MaACL a75 Goya, Francisco de (064.3)1 aGoya, Francisco de, d1746-1828eill924035310aGoya : b250 aniversario / cJuan J. Luna, comisario de la exposición ; Margarita Moreno de las Heras. aMadrid : bMuseo del Prado, c1996. a476 p. : bprincipalmente il. ; c30 cm. aCatálogo de la Exposición celebrada en el Museo del Prado del 30 de marzo al 2 de junio de 1996.14aGoya, Francisco de, d1746-18289240353 72tgfbne9193628aCatálogos de exposiciones0 aLuna, Juan J., d1946-2020eorm9747560 aMoreno de las Heras, Margarita983358eaut2 aMuseo Nacional del Prado.9160001 aES-MaACLjL-19280cDEPO2xES-MaACL cANAMn0 c12070d12070 00104070aATENEOMbATENEOMcDEPO2d2008-01-17eSCl0oL-19280p1012298r2023-02-23 00:00:00w2023-02-23yMONOGRAFIA